Satellite Images of U.S. Cities: Hard - Statistics

General Stats
  • This quiz has been taken 213 times
  • The average score is 4 of 12
Answer Stats
Picture Answer % Correct
Burlington
49%
Mobile
45%
Lincoln
40%
Harrisburg
35%
Bakersfield
33%
Billings
33%
Topeka
33%
Chattanooga
27%
Las Cruces
27%
Salem
27%
Grand Rapids
25%
Quad Cities
22%
No matching quizzes found
Score Distribution
Percent of People with Each Score
Percentile by Number Answered
Your Score History
You have not taken this quiz